| 000 | 00668nam a2200205 i 4500 | ||
|---|---|---|---|
| 001 | 76691 | ||
| 003 | ES-MaACL | ||
| 005 | 20250901102515.0 | ||
| 007 | t| | ||
| 008 | 041004s1913 sp ||||1| spa d | ||
| 100 | 1 |
_aGuiard y Larrauri, Teófilo. _960629 |
|
| 245 | 1 | 0 |
_aHistoria del Consulado y Casa de Contratación de Bilbao y del Comercio de la Villa / _cpor Teófilo Guiard y Larrauri. |
| 260 |
_aBilbao : _bJosé de Astuy, _c1913. |
||
| 300 |
_a1 v. ; _c25 cm. |
||
| 500 | _aEs el v.1: (1511-1699) | ||
| 610 | 2 | 4 |
_aConsulado de Bilbao- _vHistoria. _9157595 |
| 650 | 7 |
_aComercio- _zBilbao _2 _9157596 |
|
| 852 |
_aES-MaACL _jB-13052 |
||
| 999 |
_c76691 _d76691 |
||